000 00399nam a2200157Ia 4500
003 LK-CoDNM
008 010623t xxu||||| |||| 00| 1 eng d
040 _aLK-CoDNM
_dLK-CoDNM
_eLK-CoDNM
041 _aeng
080 _a301 BAB
245 _aBAby Farms : A Young People's Perspective
260 _bYouth Services Limited
_aColombo 7
300 _b17p.;20 Cm cm
650 _aSociology
942 _cBK
999 _c133730
_d133730